Entry Nombre personal
001 - NÚMERO DE CONTROL
- campo de control: 176548
003 - IDENTIFICADOR DE NÚMERO DE CONTROL
- campo de control: ES-MaACL
005 - FECHA Y HORA DE LA ÚLTIMA TRANSACCIÓN
- campo de control: 20240226205410.0
008 - ELEMENTOS DE DATO DE LONGITUD-FIJA
- campo de control de longitud fija: 230511|| aca||aabn | a|a d
040 ## - FUENTE DE CATALOGACIÓN
- Centro catalogador/agencia de origen: ES-MaACL
- Centro/agencia transcriptor: ES-MaACL
100 1# - ENCABEZAMIENTO-NOMBRE DE PERSONA
- Nombre de persona: Ayllón Trujillo, María Teresa
373 ## - GRUPO ASOCIADO
- Grupo asociado: Ateneo de Madrid
- Período de inicio: 2021
- Fuente de información: Censo mensual de socios 2023
400 ## - TRAZADO DE VÉASE--NOMBRE DE PERSONA
- Nombre de persona: Ayllón Trujillo, Mª Teresa
670 ## - FUENTE DE DATOS ENCONTRADOS
- Cita de la fuente: Work cat.: (ES-MaACL)0: Ayllón Trujillo, María Teresa, aut, Vampirizada :
678 ## - DATOS BIOGRÁFICOS O HISTÓRICOS
- Datos biográficos o históricos: Socia del Ateneo de Madrid n. 33449; ingresó el 8/4/2021
- Ampliación de la nota: Fuente: Censo mensual de socios 2023
